[Event "EU-Cup 18th"]
[Site "Kallithea"]
[Date "2002.09.26"]
[Round "5.1"]
[White "Agrest, Evgenij"]
[Black "Kovacevic, Aleksandar"]
[Result "1/2-1/2"]
[WhiteElo "2599"]
[BlackElo "2551"]
[Annotator "Ribli,Z"]
[PlyCount "42"]
[EventDate "2002.09.22"]
[EventType "team-swiss"]
[EventRounds "7"]
[EventCountry "GRE"]
[SourceTitle "CBM 092"]
[Source "ChessBase"]
[SourceDate "2003.02.06"]
[SourceVersion "1"]
[SourceVersionDate "2003.02.06"]
[SourceQuality "1"]
[WhiteTeam "Sollentuna"]
[BlackTeam "Novi Sad"]
[WhiteTeamCountry "SWE"]
[BlackTeamCountry "YUG"]

1. c4 c5 2. Nf3 Nf6 3. Nc3 Nc6 4. d4 cxd4 5. Nxd4 e6 6. g3 {Nach meiner
Meinung bietet dieser Zug Weiss die besten Chancen auf Eröffnungsvorteil. Die
wichtigste Alternativen sind - 6.Ndb5, 6.Bf4, 6.Bg5 und, 6.e3.} Qb6 7. Ndb5 (7.
Nb3) 7... Ne5 (7... Bc5 {Dieser Läuferzug sieht sehr chancenreich aus, aber in
Wirklichkeit hat Schwarz grosse Entwicklungsprobleme.} 8. Bg2 a6 (8... Bxf2+ 9.
Kf1 Ng4 10. Qd6 $16) 9. Nd6+ Ke7 10. Nde4 Nxe4 11. Nxe4 Bb4+ 12. Kf1 $1 $16) 8.
Bg2 (8. Bf4 Nfg4 9. e3 a6 $13) 8... a6 9. Na3 $5 {Das ist die beliebte
Fortsetzung von Grossmeister Agrest. Weiss opfert einen Bauern, aber dank
besserer Entwicklung bekommt er gute Kompensation.} (9. Qa4 Rb8 10. Be3 Bc5 11.
Bxc5 Qxc5 12. Qa3 b6 $5 (12... Qxa3 13. Nxa3 g5 14. h3 Ke7 15. Rd1 b6 16. e3
Bb7 17. Bxb7 Rxb7 18. f4 gxf4 19. exf4 Nc6 20. Kf2 {1/2-1/2 Agrest,E-Ernst,T/
Skara 2002/CBM 91 (42)}) 13. Nd6+ Ke7 14. Qxc5 bxc5 15. Nxc8+ Rhxc8 16. b3 g5
$5 17. h3 h5 18. O-O-O d6 19. Rd2 Rd8 20. Rhd1 Rd7 21. Bh1 g4 22. h4 Rbd8 23.
Na4 Rb8 24. Bg2 {1/2-1/2 Agrest,E-Wedberg,T/Sweden 1999/EXT 2002 (34)}) 9...
Bxa3 (9... Be7 10. O-O d6 (10... Qc7 11. Bf4 d6 12. Rc1 $14) 11. Qb3 Qc7 12.
Bf4 O-O 13. Rfd1 $14) 10. bxa3 Nxc4 11. Bg5 {[%csl Gg2,Gg5][%cal Gg2a8] Was
hat Weiss fuer den geopferten Bauern? Er hat zwar einen Doppelbauern auf der
a-Linie, aber der c8B hat schwerige Entwicklungsproblemen und nach Bxf6 gxf6
wird die schwarze Königsstellung angreifbar.} Qc5 (11... h6 12. Bxf6 gxf6 13.
O-O Rb8 14. Rc1 $44) (11... d5 12. O-O O-O 13. Rc1 $44) 12. Bxf6 gxf6 13. O-O
$44 Ne3 (13... d5 14. e4 $44) 14. Qd3 $1 (14. fxe3 Qxe3+ 15. Kh1 Qxc3 $17)
14... Nxf1 15. Ne4 Qc7 (15... Qe5 16. Nd6+ Ke7 17. Rd1 $44) 16. Nxf6+ Ke7 17.
Qd4 {[%csl Gd4,Re7,Gf6][%mdl 1024] Weiss hat einen Turm weniger, aber der d2N
haengt und der schwarze Koenig steht schlecht in der Mitte.} Nd2 18. Qh4 {
[%cal Gh4e7][%mdl 128] Weiss hat Angriff, aber das ist "nur" genug fuer Remis.}
(18. Nd5+ exd5 19. Qxh8 Ne4 $19) 18... Kf8 19. Qh6+ Ke7 20. Qg5 Kf8 21. Qh6+
Ke7 {Die Zugwiederholung ist forciert und es gibt keine
Abweichungsmoeglichkeiten.} 1/2-1/2

[Event "Biel"]
[Site "Biel"]
[Date "1990.??.??"]
[Round "2"]
[White "Andersson, Ulf"]
[Black "Polugaevsky, Lev"]
[Result "1-0"]
[WhiteElo "2630"]
[BlackElo "2610"]
[Annotator "Ribli,Z"]
[PlyCount "85"]
[EventDate "1990.07.??"]
[EventType "tourn"]
[EventRounds "14"]
[EventCountry "SUI"]
[EventCategory "14"]
[SourceTitle "CBM 019"]
[Source "ChessBase"]
[SourceDate "1990.12.01"]
[SourceVersion "1"]
[SourceVersionDate "1990.12.01"]
[SourceQuality "1"]

1. c4 c5 2. Nf3 Nc6 3. d4 cxd4 4. Nxd4 Nf6 5. Nc3 e6 6. a3 Bc5 7. Nb3 Be7 8. e4
O-O 9. Be2 b6 10. O-O (10. Be3 Bb7 11. c5 Na5 12. Nxa5 bxa5 13. f3 Rc8 14. Qb3
Ba8 15. Ba6 Rc6 16. Bb5 Qb8 17. Qc2 Rcc8 18. Qf2 Rfd8 19. Rd1 Qe5 20. Bd4 Qg5
21. h4 Qf4 22. e5 Nd5 23. g3 Qh6 24. Ne4 Rb8 $13 {Hansen,LB-Hansen,C Vejstrup
1989 CBM 15}) 10... Bb7 11. Be3 Rc8 12. Rc1 Ne5 13. Nb5 $5 (13. Nd2 d5 $5)
13... Nxe4 14. Nxa7 Ra8 15. Nb5 d6 16. N3d4 Nf6 17. f4 Ned7 18. Bf3 {>< c6} Qc8
19. Qe2 Rd8 20. Kh1 Bf8 21. Bg1 g6 22. b4 e5 23. Bxb7 Qxb7 24. fxe5 dxe5 25.
Nc2 Nh5 26. Rcd1 Ndf6 (26... Nf4 27. Qf3) 27. Qxe5 Rxd1 28. Rxd1 Re8 29. Qd4
Re2 30. Ne3 Ne4 31. Nc3 Nxc3 32. Qxc3 Qe7 33. Nd5 Qe4 34. Qf3 Qxc4 35. Nxb6 Qe6
36. Nd5 Bd6 37. g4 Nf4 38. Nxf4 Bxf4 39. Rf1 g5 40. Bf2 Ra2 41. Bg3 Qa6 42.
Bxf4 Rxa3 (42... gxf4 43. Qxf4 Qb7+ 44. Qf3 $18) 43. Be3 {Ribli} 1-0

[Event "Vienna op"]
[Site "Vienna"]
[Date "1990.??.??"]
[Round "7"]
[White "Blees, Albert"]
[Black "Miniboeck, Guenter"]
[Result "1/2-1/2"]
[WhiteElo "2400"]
[BlackElo "2325"]
[Annotator "Ribli,Z"]
[PlyCount "83"]
[EventDate "1990.10.??"]
[EventType "swiss"]
[EventRounds "9"]
[EventCountry "AUT"]
[SourceTitle "CBM 021"]
[Source "ChessBase"]
[SourceDate "1991.04.01"]
[SourceVersion "1"]
[SourceVersionDate "1991.04.01"]
[SourceQuality "1"]

1. c4 c5 2. Nc3 Nc6 3. Nf3 Nf6 4. d4 cxd4 5. Nxd4 e6 6. Ndb5 d5 7. Bf4 e5 8.
cxd5 exf4 9. dxc6 bxc6 10. Qxd8+ Kxd8 11. Rd1+ Bd7 12. Nd6 Kc7 (12... Bxd6 $5
13. Rxd6 Rb8 $1 14. Rd2 Re8 15. g3 f3 $10 {Knezevic,M-Smejkal,J Bahrain 1990
CBM/20}) 13. Nxf7 Rg8 14. Ne5 Rb8 15. Nxd7 Nxd7 16. Rd2 (16. g3 Rxb2 17. Bh3
Nc5 18. Rd2 Rxd2 19. Kxd2 Bd6 20. Rc1 Rd8 $10 {Georgiev,Kir-De Firmian,N
Reggio Emilia 1989/90 49/51}) 16... Ne5 17. g3 $5 Bb4 18. Bh3 fxg3 19. hxg3
Rgd8 20. Rxd8 Kxd8 21. Kd2 Bc5 22. Ne4 Rxb2+ 23. Kc3 Rb5 24. Rd1+ Ke8 25. f4
Bb4+ 26. Kc2 Nc4 27. Bd7+ Ke7 28. Bxc6 Ne3+ 29. Kd3 Nxd1 30. Bxb5 h5 $1 31. Bc6
Be1 32. Kd4 Nf2 $1 $10 33. Nc3 Ng4 34. Nd5+ Kd8 35. e4 Bxg3 36. e5 Bf2+ 37. Ke4
Bc5 38. f5 Nf2+ 39. Kf4 Nd3+ 40. Ke4 Nf2+ 41. Kf4 Nd3+ 42. Ke4 1/2-1/2

[Event "Biel"]
[Site "Biel"]
[Date "1990.??.??"]
[Round "13"]
[White "Lautier, Joel"]
[Black "De Firmian, Nick E"]
[Result "1/2-1/2"]
[WhiteElo "2570"]
[BlackElo "2560"]
[Annotator "Ribli,Z"]
[PlyCount "38"]
[EventDate "1990.07.??"]
[EventType "tourn"]
[EventRounds "14"]
[EventCountry "SUI"]
[EventCategory "14"]
[SourceTitle "CBM 019"]
[Source "ChessBase"]
[SourceDate "1990.12.01"]
[SourceVersion "1"]
[SourceVersionDate "1990.12.01"]
[SourceQuality "1"]

1. c4 c5 2. Nf3 Nc6 3. d4 cxd4 4. Nxd4 Nf6 5. Nc3 e6 6. Bg5 Be7 (6... Qb6 7.
Nb3 Bb4 8. Bxf6 gxf6 9. e3 Ne5 $10 {Kortschnoj,V-Timman,J Rotterdam 1990 CBM 18
}) 7. e3 O-O 8. Be2 b6 9. O-O Bb7 10. Bxf6 Bxf6 11. Ndb5 Ne7 $1 12. Qb3 d6 13.
Rfd1 Nc8 14. Rac1 a6 15. Nd4 Qc7 16. Qc2 Na7 17. Na4 Rac8 18. Qd2 Rfd8 19. b3
Ba8 {Ribli} 1/2-1/2

[Event "Biel"]
[Site "Biel"]
[Date "1990.??.??"]
[Round "9"]
[White "Miles, Anthony John"]
[Black "De Firmian, Nick E"]
[Result "1/2-1/2"]
[WhiteElo "2595"]
[BlackElo "2560"]
[Annotator "Ribli,Z"]
[PlyCount "94"]
[EventDate "1990.07.??"]
[EventType "tourn"]
[EventRounds "14"]
[EventCountry "SUI"]
[EventCategory "14"]
[SourceTitle "CBM 019"]
[Source "ChessBase"]
[SourceDate "1990.12.01"]
[SourceVersion "1"]
[SourceVersionDate "1990.12.01"]
[SourceQuality "1"]

1. Nf3 c5 2. c4 Nc6 3. d4 cxd4 4. Nxd4 Nf6 5. Nc3 e6 6. Ndb5 d5 7. Bf4 e5 8.
cxd5 exf4 9. dxc6 bxc6 10. Qxd8+ Kxd8 11. Nd4 (11. Rd1+ Bd7 12. Nd6 Bxd6 13.
Rxd6 Rb8 14. Rd2 Re8 15. g3 f3 $10 {Hjartarsson,J-Sokolov,A Belfort WCup 1988
45/(43) CBM 8}) 11... Bd7 12. g3 Rb8 $5 (12... fxg3 13. hxg3 Bb4 14. Bg2 Bxc3+
15. bxc3 Kc7 $10 {Timman-Gligoric Volmac-Partizan 1984 37/44}) 13. O-O-O Kc7
14. gxf4 Ng4 15. Ne4 Re8 16. f3 Ne3 17. Rd3 Nd5 18. f5 (18. e3 f5 $1) 18... g6
$1 19. f6 c5 20. Nc2 Bc6 21. e3 Bh6 22. Ra3 a5 $1 23. Rg1 a4 24. Rg4 Re5 25.
Bc4 Rf8 26. Rh4 Bg5 27. Nxg5 Rxg5 28. Rd3 (28. Rxh7 Rg1+ 29. Kd2 Rg2+ $13)
28... Nxf6 29. Rf4 Rf5 $1 30. Rxf5 gxf5 31. Ne1 Rg8 32. Bxf7 Rg1 33. Rd1 Rh1
34. Be6 Rxh2 35. Bxf5 Nd5 36. Nc2 h5 37. Be4 Nb4 $1 38. Nxb4 cxb4 39. Bxc6 Kxc6
40. Rd2 Rh1+ 41. Kc2 h4 42. Kd3 Kc5 43. f4 h3 44. Ke4 Rg1 45. Kf3 Ra1 46. b3
axb3 47. axb3 Rb1 {Ribli} 1/2-1/2

[Event "USA-ch Gr-B"]
[Site "Denver"]
[Date "1998.11.04"]
[Round "5"]
[White "Gulko, Boris F"]
[Black "Kaidanov, Gregory S"]
[Result "1/2-1/2"]
[WhiteElo "2585"]
[BlackElo "2625"]
[Annotator "Ribli,Z"]
[PlyCount "75"]
[EventDate "1998.10.31"]
[EventType "tourn"]
[EventRounds "7"]
[EventCountry "USA"]
[EventCategory "13"]
[SourceTitle "CBM 068"]
[Source "ChessBase"]
[SourceDate "1999.02.01"]
[SourceVersion "1"]
[SourceVersionDate "1999.02.01"]
[SourceQuality "1"]

1. c4 c5 2. Nf3 Nc6 3. d4 {Mit diesem Zug vermeidet Weiß die interessante
Variante 3.Nc3 Nd4. Ribli.} cxd4 4. Nxd4 e6 $5 {Eine seltene, aber
interessante Zugfolge. Schwarz spielt noch nicht ...Nf6 und nutzt dieses Tempo
am Damenflügel.} 5. Nc3 (5. g3 Qb6 6. Nb3 Ne5 7. N1d2 (7. e4 a5 8. Be3 Qc6 $13)
7... a5 $13) 5... Bb4 6. Ndb5 (6. g3 $5 Nf6 {Das führt zu Hauptvarianten, die
aber in anderer Zugfolge entstehen (nach 1.c4 c5 2.Nf3 Nf6 3.Nc3 Nc6 4.d4 cxd4
5.Nxd4 e6 6.g3 ist es besser, 6...Qb6 und nicht 6...Bb4 zu spielen).} (6... Qa5
7. Ndb5 d5 8. Bf4 e5 9. Bd2 a6 $13 (9... dxc4 $5) (9... d4 $6 10. Nd5 Bxd2+ 11.
Qxd2 Qxd2+ 12. Kxd2 Rb8 13. Bg2 Nge7 $14))) 6... Nf6 7. Bf4 O-O 8. Bc7 {
Schwarz scheint jetzt großen Schwerigkeiten auf den schwarzen Feldern
gegenüber zu stehen. Ich empfehle trotzdem 8.Bd6.} (8. Bd6 $5 Bxd6 9. Nxd6 Qb6
10. Qd2 Ne8 {[%cal Re8d6] Das ist der Schlüsselzug für die schwarze
Verteidigung. Sonst gerät er in großen Nachteil.} 11. Nxe8 Rxe8 12. e3 $14 {
[%csl Rc8]}) 8... Qe7 9. Bd6 Bxd6 10. Qxd6 Qd8 $5 {Schwarz vermeidet den
Damentausch und möchte mit eventuellem ...Ne8 die weiße Dame verjagen.} (10...
b6 11. g3 Qxd6 12. Nxd6 Rd8 13. Bg2 Kf8 14. Rd1 Rb8 15. Nxf7 Kxf7 16. Bxc6 Ba6
17. Bb5 Bb7 18. O-O Rbc8 19. Rd4 Ke7 20. Rfd1 d5 21. f4 Ng4 22. R1d3 e5 23.
fxe5 Nxe5 24. Re3 Rf8 25. Rxe5+ {1-0 Chekhov,V-Obukhov,A/Moscow 1998/CBM 63 
(25)}) (10... Ne8 11. Qxe7 Nxe7 12. O-O-O d5 13. cxd5 exd5 14. e3 a6 15. Nd4
$14 {[%csl Rd5] Weiß hat eine bequeme Stellung. Schwarz hat einen isolierten
Damenbauern und Weiß kontrolliert das Blockadefeld d4.}) (10... Rd8 11. Qxe7
Nxe7 12. Nd6 $14 {[%csl Gd6]}) 11. e3 {[#]Weiß möchte die Entwicklung mit 12.
Be2 beenden. Neben der Partiefortsetzung gibt es für ihn viele andere
Möglichkeiten.} (11. e4) (11. O-O-O) (11. g3) 11... Qa5 {[%cal Rf6e4,Ga5e1]
Schwarz möchte mit 12...a6 nebst 13...Ne4 oder sofortigem 12...Ne4 die Dame
von d6 vertreiben.} (11... Ne8 12. Qd2 Qe7 13. Rd1 f5 14. Be2 Ne5 15. O-O Nf7
16. e4 $1 a6 17. Nd4 fxe4 18. Nxe4 b6 19. f4 $1 {1/2-1/2 Akesson,R-Wang Zili/
Copenhagen 1995/CBM 48/[Ribli] (51)}) (11... a6 12. Nd4 Qa5 (12... Ne8 13. Qc5
d6 14. Nxc6 Qc7 15. Ne7+ Qxe7 16. Qd4 Bd7 17. Be2 Bc6 18. O-O Nf6 {0-1
McCambridge,V-De Firmian,N/American op 1989/EXT 97 (40)}) 13. Nb3 Qg5 14. Qg3
Qf5 15. O-O-O b5 16. Bd3 Qh5 17. Be2 $13 {Matthias,H-Farago,I/Lippstadt/1994/
CBM43/}) 12. Qd2 d5 {Mit der Partiefortsetzung befreit Schwarz seine Stellung.}
13. cxd5 Nxd5 $5 $146 (13... exd5 14. Be2 a6 15. Nd4 Nxd4 16. Qxd4 Be6 17. O-O
$14 {[%csl Gd4,Rd5] Weiß hat wegen des schwachen isolierten schwarzen
Damenbauern einen kleinen Vorteil. Er kontrolliert das Schlüsselfeld d4.} Rac8
18. Rfd1 Rfd8 19. h3 h6 20. a3 Qc7 21. Bf3 {1/2-1/2 Ivanchuk,V-Lautier,J/
Monaco 1996/CBM 52 ext (44)}) 14. Nxd5 Qxd2+ 15. Kxd2 exd5 16. Bd3 $14 {
[%csl Rd5] Weiß hat die bessere Bauernstruktur und eine aktive Stellung.
Schwarz kontrolliert zwar das Feld d4, aber die Anwesenheit der weißfeldrigen
Läufer erhöht die Chancen des Anziehenden.} (16. Nc7 $6 Rb8 17. Nxd5 Rd8 {
[%cal Gd8d2]} 18. e4 Be6 19. Bc4 Ne7 {[%csl Rd2] Schwarz gewinnt den Bauern
zurück und der weiße König ist auf d2 angreifbar.}) 16... Be6 17. Rhc1 Rad8 18.
f4 $5 (18. Nd4 Nxd4 19. exd4 Rc8 $11 {Vielleicht besitzt Weiß einen minimalen
Vorteil wegen des Bauern d5, aber Schwarz kann das Remis halten.}) (18. Nc7 Rd7
(18... Bc8) 19. Nxe6 fxe6 $11 {[%csl Gd5,Ge6][%cal Rf8f2]}) 18... d4 19. e4 {
Der schwarze Bauer d4 ist gut blockiert.} (19. exd4 $2 Nxd4 20. Nxd4 Rxd4 $15 {
[%csl Rd2,Gd4][%cal Rd4d2]}) 19... f6 20. Nc7 {[%csl Gc7] Weiß entfaltet eine
kleine, aber dauerhafte Initiative.} Bf7 21. Bb5 (21. Ba6 Nb4 (21... bxa6 $6
22. Rxc6 $14 {[%csl Ra6,Ra7,Gc6,Gc7]}) 22. Bc4) 21... Ne7 22. Bc4 {Weiß
tauscht den aktiven Läufer.} Rd6 (22... Bxc4 23. Rxc4 $14 {[%csl Rd4][%cal
Ga1c1,Gc1c7]}) 23. Nb5 (23. b3 $5 Nc6 $11) 23... Rb6 {[%cal Gb6b2]} 24. b3 Bxc4
{Schwarz schwächt die weiße Bauernstruktur, aber der Bauer d4 bleibt auch
schwach.} 25. bxc4 a6 $5 {Schwarz gibt seinen schwachen d4-Bauern auf und
aktiviert seine Figuren.} (25... Nc6 {[%csl Rb6] Der schwarze Turm steht sehr
passiv auf b6.} 26. a4 $14 {[%cal Gc4c5,Gb5d6]}) 26. Nxd4 Rd6 {[%csl Rd2,Gd6]}
27. Ke3 Rfd8 {[%csl Gd6,Gd8]} 28. Nb3 (28. Rd1 $2 Nc6 $17 {[%csl Gc6,Rd1,Rd4,
Gd6,Gd8]}) 28... Nc6 $44 {[%csl Gd6,Gd8][%cal Gd8d1] Die Kontrolle der
einzigen offenen Linie ist für Schwarz ausreichender Ersatz für den geopferten
Bauern.} 29. Rab1 (29. Rc3 Nb4 $44 {[%csl Yd3]} 30. a3 $6 Rd3+ 31. Rxd3 Rxd3+
32. Ke2 Rxb3 33. axb4 Rxb4 34. Kd3 $15 {[%csl Gb4]}) 29... Rd3+ 30. Ke2 Nb4 {
[%cal Rb4a2]} 31. Rd1 $1 {Weiß muß in der d-Linie dagegenhalten.} (31. Nc5 $2 {
[%cal Rc5d3,Rb1b4,Gc5b7]} Rd2+ {[%csl Gd2,Re2]} 32. Kf3 b6 33. Rxb4 bxc5 34.
Rb3 Rxa2 $17 {[%csl Ga2][%cal Rd8d2,Ra2h2]}) 31... Rxd1 32. Rxd1 Rxd1 33. Kxd1
Nxa2 {[%cal Ra2c3,Rc3e4,Rc3d1] Schwarz hat die Bauernmehrheit am Damenflügel,
aber der weiße König steht aktiv und die Chancen sind daher gleich.} 34. Kd2 {
[%cal Rb3c5,Rc5a6,Rc5b7]} (34. Kc2 b6 $11) 34... b6 {Schwarz stellt sich auf
35.Nc5 und 35.c5 ein.} (34... b5 35. c5 $14 (35. Nc5 Nb4 (35... bxc4 $2 36.
Nxa6 {[%csl Ra2]} Kf7 37. Kc2 {[%csl Ra2][%cal Rc2b2,Rb2a2]} c3 38. Kb1 c2+ 39.
Kxc2 $18 {[%cal Rc2b2,Rb2a2]}) 36. Kc3 Na2+ 37. Kb2 Nb4 $11)) 35. c5 bxc5 36.
Nxc5 Nb4 (36... a5 $2 37. Nd3 {[%cal Gd3c1,Gd3b4]} Kf7 38. Kc2 Ke6 39. Kb3 Nb4
40. Nxb4 axb4 41. Kxb4 $18) 37. Kc3 a5 38. Kc4 $6 $15 {[%cal Rc4b5,Rb5a5] Und
hier wurde remis vereinbart.  Ich glaube, Schwarz könnte noch weiterspielen,
denn sein entfernter Freibauer ist stark und mit seinem Springer kann er die
weißen Bauern am Königsflügel angreifen.} (38. Nb7 $5 Na2+ (38... Nc6 39. Kc4
a4 40. Nc5 a3 41. Kb3 Nd4+ 42. Kxa3 Nc2+ 43. Kb3 Ne3 44. g3 Nf1 $11) 39. Kc4
Nb4 40. Kc3 $11 (40. Nxa5 Nc2 41. g3 Ne3+ 42. Kd4 Nf1 43. Nc4 Nxh2 $11)) (38.
Kc4 Nc2 $1 {[%cal Rc2e3,Re3g2,Re3c4,Ge3f1,Gf1h2]} 39. Kb5 Ne3 40. g3 Nf1 41.
Kxa5 Nxh2 {[%csl Rg3]} 42. Kb5 h5 $15 {[%csl Rb5,Rg3][%cal Rh2f1]}) 1/2-1/2

[Event "Capablanca Memorial Elite 39th"]
[Site "Havana"]
[Date "2004.05.08"]
[Round "3"]
[White "Ikonnikov, Vyacheslav"]
[Black "Gonzalez Vidal, Yuri"]
[Result "1-0"]
[WhiteElo "2556"]
[BlackElo "2481"]
[Annotator "Ribli,Z"]
[PlyCount "53"]
[EventDate "2004.05.06"]
[EventType "tourn"]
[EventRounds "11"]
[EventCountry "CUB"]
[EventCategory "13"]
[SourceTitle "CBM 101"]
[Source "ChessBase"]
[SourceDate "2004.07.27"]
[SourceVersion "1"]
[SourceVersionDate "2004.07.27"]
[SourceQuality "1"]

1. c4 c5 2. Nf3 Nc6 3. d4 cxd4 4. Nxd4 Nf6 5. Nc3 e6 6. g3 {Das ist die
eigentliche Hauptvariante in dieser Stellung.} Qb6 7. Nb3 Ne5 8. Bg2 {Eine
große Überraschung! Dieser Läuferzug wird praktisch nie gespielt, nur in
kleineren Turnieren. Ikonnikov ist der erste Großmeister, der dieses
Bauernopfer probiert.} Nxc4 9. e4 {Mit diesem Zug verhindert Weiß die
Möglichkeit 9...d5, was ganz gut wäre nach 9.0-0. Weiß strebt nun eine
schnelle Figurenentwicklung an.} Bb4 10. Qe2 Qc7 (10... Bxc3+ 11. bxc3 Qc7 {
1/2-1/2 Tatai,S-Bobotsov,M/Bari 1972/EXT 2002 (11) Diese Variante kann zu
unserer Hauptpartie führen nach 12.0-0 d6.}) (10... Ne5 11. f4 Nc6 12. Be3 Qc7
13. Rc1 O-O 14. O-O Bxc3 15. Rxc3 d5 16. e5 Nd7 17. Qh5 Rd8 18. Nd4 Nf8 19. Nb5
Qa5 20. Nd6 Ng6 21. g4 {1-0 Mudrak,J-Knazovcik,L/Czechia 1996/EXT 2000 (35)})
11. O-O Bxc3 (11... a6 12. Bf4 d6 (12... e5 13. Rac1 $44 exf4 $2 14. Nd5 $16)
13. Rac1 $44) 12. bxc3 d6 $15 {[%csl Gc4] Schwarz hat einen Bauern mehr und
sein c4N blockiert die weiße Stellung.} 13. Nd2 Nxd2 14. Qxd2 (14. Bxd2 O-O $15
) 14... O-O 15. Ba3 {[%cal Ga3f8,Gd2d8]} Rd8 16. Rad1 Ne8 (16... d5 $5 17. Rfe1
b5 18. e5 Ne8 $15) 17. e5 d5 18. Qd4 Bd7 $2 {Mit diesem schablonenhaften
Entwicklungszug hilft Schwarz dem Gegner. Das große Problem mit dem Läuferzug
ist, dass Schwarz den Schlüsselbauern auf f7 verliert.} (18... b6 $142 19. Qb4
h6 20. f4 Ba6 $15 {Der e8N steht nicht aktiv, aber ich sehe keine vollwertige
Kompensation für Weiß.}) 19. Qb4 {[%csl Rg8][%cal Ra3f8]} h6 20. Qf8+ Kh7 21.
Be7 (21. Qxf7 Qxe5 22. Be7 (22. Rfe1 Qf6) 22... Rdc8 23. Rfe1 {Auf diese Weise
bekommen wir - mit Zugumstellung - unsere Partiefortsetzung.}) 21... Rdc8 22.
Qxf7 Qxe5 (22... Qxc3 23. Rfe1 Ba4 24. Bf1 Bc2 (24... Bxd1 25. Rxd1 {[%cal
Rf1d3,Rd3h7]} Rc4 26. Bd3+ Re4 27. f3 $18) 25. Rc1 Qd2 26. Qxe6 $16) 23. Rfe1
Qxc3 $2 {[%mdl 8192] Schwarz nimmt den Bauern, aber verliert die Partie. Es
war notwendig mit 23...Qf5 die Damen zu tauschen.} (23... Qf5 $8 24. Qxf5+ exf5
25. Bxd5 Rc7 (25... Bc6 26. Be6 {[%cal Re6c8,Re6f5]}) 26. c4 $14) 24. Bf1 $1
$18 {[%csl Ge7,Gf1,Gf7,Rh7][%cal Rf1d3,Rd3h7][%mdl 128] Plötzlich befindet
sich der schwarze König in einem Mattnetz.} Nc7 (24... Nf6 25. Bxf6 Qxf6 26.
Qxd7 $18) 25. Bd3+ Kh8 26. Re3 (26. Qg6 Kg8 27. Qh7+ Kf7 28. Bh4 $18) 26... Ba4
27. Qg6 1-0